[Event "Oberliga Sued W 0506"]
[Site "Germany"]
[Date "2006.02.19"]
[Round "7.1"]
[White "Bastian, Herbert"]
[Black "Peterson, Emery"]
[Result "1-0"]
[WhiteElo "2368"]
[BlackElo "2119"]
[PlyCount "79"]
[EventDate "2005.10.23"]
[EventType "team-tourn"]
[EventRounds "9"]
[EventCountry "GER"]
[SourceTitle "EXT 2007"]
[Source "ChessBase"]
[SourceDate "2006.11.23"]
[SourceVersion "1"]
[SourceVersionDate "2006.11.23"]
[SourceQuality "1"]
[WhiteTeam "Saarbruecken"]
[BlackTeam "Mutterstadt"]
[WhiteTeamCountry "GER"]
[BlackTeamCountry "GER"]

1. e4 e6 2. d4 d5 3. e5 c5 4. c3 Nc6 5. Nf3 f5 6. Be2 Bd7 7. 0-0 Nge7 8. dxc5 Ng6 9. Be3 Qc7 10. Na3 Ncxe5 11. Nxe5 Nxe5 12. Nb5 Bxb5 13. Bxb5+ Kf7 14. b4 Ng4 15. g3 Nxe3 16. fxe3 h5 17. e4 dxe4 18. Qd4 Kg6 19. Rad1 Be7 20. Qc4 Qe5 21. Rd7 Bf6 22. Rd6 Rad8 23. Bd7 Rxd7 24. Rxd7 Qxc3 25. Qxe6 Qe5 26. Qf7+ Kh6 27. Rd5 Rf8 28. Rxe5 Rxf7 29. Rexf5 e3 30. Re1 e2 31. Kg2 Re7 32. Kf3 Kg6 33. Rd5 Bc3 34. Rxe2 Rf7+ 35. Kg2 Bxb4 36. Re6+ Rf6 37. Rxf6+ gxf6 38. Kf3 a5 39. Ke4 Be1 40. Rd7 1-0

[Event "Oberliga Sued W 0506"]
[Site "Germany"]
[Date "2006.01.29"]
[Round "6.1"]
[White "Peterson, Emery"]
[Black "Becking, Stephan"]
[Result "1-0"]
[WhiteElo "2119"]
[BlackElo "2339"]
[PlyCount "105"]
[EventDate "2005.10.23"]
[EventType "team-tourn"]
[EventRounds "9"]
[EventCountry "GER"]
[SourceTitle "EXT 2007"]
[Source "ChessBase"]
[SourceDate "2006.11.23"]
[SourceVersion "1"]
[SourceVersionDate "2006.11.23"]
[SourceQuality "1"]
[WhiteTeam "Mutterstadt"]
[BlackTeam "Illingen"]
[WhiteTeamCountry "GER"]
[BlackTeamCountry "GER"]

1. d4 Nf6 2. e3 d6 3. c4 g6 4. Nc3 Bg7 5. Bd3 c5 6. d5 e6 7. e4 exd5 8. exd5 0-0 9. Nge2 Ng4 10. Bf4 Ne5 11. b3 Re8 12. 0-0 Nbd7 13. Bc2 f5 14. Qd2 Nf7 15. Rae1 Nde5 16. Bg3 Qa5 17. h3 a6 18. a4 Nd7 19. Rd1 Nf6 20. Rfe1 Nh5 21. Bh2 Bh6 22. Qd3 Ne5 23. Bxe5 Rxe5 24. Ng3 Nf4 25. Qf3 Bd7 26. Rxe5 dxe5 27. Kh2 Bg7 28. Nce2 Nxe2 29. Nxe2 b5 30. axb5 axb5 31. d6 e4 32. Qe3 bxc4 33. bxc4 Qb4 34. Rd5 Rc8 35. Rd1 Be5+ 36. g3 Be6 37. Nf4 Bxc4 38. d7 Rd8 39. Bxe4 Bxf4 40. Qxf4 Be6 41. Qg5 Qb6 42. Qe7 fxe4 43. Rb1 Qa5 44. Qxe6+ Kg7 45. Rb6 Qd2 46. Qf6+ Kh6 47. Re6 Rxd7 48. Rxe4 Rd5 49. Qf8+ Kg5 50. Qe7+ Kh6 51. Rh4+ Rh5 52. Rxh5+ Kxh5 53. Qh4# 1-0

[Event "Oberliga Sued W 0506"]
[Site "Germany"]
[Date "2005.10.23"]
[Round "1.1"]
[White "Peterson, Emery"]
[Black "Polster, Wolfgang"]
[Result "0-1"]
[WhiteElo "2119"]
[BlackElo "2271"]
[PlyCount "100"]
[EventDate "2005.10.23"]
[EventType "team-tourn"]
[EventRounds "9"]
[EventCountry "GER"]
[SourceTitle "EXT 2007"]
[Source "ChessBase"]
[SourceDate "2006.11.23"]
[SourceVersion "1"]
[SourceVersionDate "2006.11.23"]
[SourceQuality "1"]
[WhiteTeam "Mutterstadt"]
[BlackTeam "Koblenz 25"]
[WhiteTeamCountry "GER"]
[BlackTeamCountry "GER"]

1. e4 e6 2. d4 d5 3. Nd2 Nf6 4. e5 Nfd7 5. Bd3 c5 6. c3 Nc6 7. Ne2 cxd4 8. cxd4 f6 9. exf6 Qxf6 10. Nf3 h6 11. 0-0 Bd6 12. Ng3 0-0 13. Be3 Rd8 14. Rc1 Nf8 15. Re1 Bd7 16. a3 Be8 17. Rc3 Rac8 18. Qd2 a6 19. b4 Ng6 20. Nh5 Qf8 21. Bxh6 gxh6 22. Rxe6 Nf4 23. Rf6 Bxh5 24. Rxf8+ Rxf8 25. Bf1 Rc7 26. g3 Rg7 27. Ne1 Rf6 28. Kh1 Ne6 29. Bg2 Nexd4 30. Bxd5+ Bf7 31. Bxf7+ Rgxf7 32. f4 Re7 33. Nf3 Nxf3 34. Rxf3 Rfe6 35. Qd5 Kg7 36. Kg2 Bb8 37. f5 Re2+ 38. Kh3 Be5 39. Qd3 Bf6 40. Rf4 h5 41. Qf3 Re8 42. Qf1 Ra2 43. Rf2 Rxa3 44. Re2 Ne5 45. Qd1 Nd3 46. Kg2 Rd8 47. Rd2 Ra2 48. Rxa2 Nf4+ 49. gxf4 Rxd1 50. Kf3 Rd3+ 0-1

[Event "Oberliga Sued W 0405"]
[Site "Germany"]
[Date "2004.12.12"]
[Round "4.5"]
[White "Peterson, Emery"]
[Black "Schuh, Thomas"]
[Result "0-1"]
[WhiteElo "2172"]
[BlackElo "2039"]
[PlyCount "80"]
[EventDate "2004.10.03"]
[EventType "team-tourn"]
[EventRounds "9"]
[EventCountry "GER"]
[SourceTitle "EXT 2009"]
[Source "ChessBase"]
[SourceDate "2008.11.26"]
[SourceVersion "1"]
[SourceVersionDate "2008.11.26"]
[SourceQuality "1"]
[WhiteTeam "Mutterstadt"]
[BlackTeam "Illingen"]
[WhiteTeamCountry "GER"]
[BlackTeamCountry "GER"]

1. Nf3 c5 2. g3 Nc6 3. Bg2 g6 4. 0-0 Bg7 5. e4 d6 6. h3 e6 7. Nc3 Nge7 8. d3 0-0 9. Be3 Nd4 10. Ne1 Rb8 11. Qd2 b5 12. Nd1 b4 13. Bh6 Bd7 14. Bxg7 Kxg7 15. Ne3 e5 16. f4 f6 17. Rf2 Be6 18. c3 bxc3 19. bxc3 Ndc6 20. Nf3 Qd7 21. Kh2 exf4 22. gxf4 d5 23. e5 fxe5 24. fxe5 d4 25. Nc4 Nf5 26. Ng5 Bxc4 27. dxc4 Ne3 28. cxd4 cxd4 29. Nf3 Nxc4 30. Qe2 Ne3 31. Rc1 Nxg2 32. Rxg2 Qd5 33. Ng5 h6 34. Rc5 Qd7 35. Ne4 Rf5 36. Qg4 Qe6 37. Ng3 Rxe5 38. Rxc6 Qxc6 39. Nh5+ Kh7 40. Nf6+ Qxf6 0-1